|
|
|
|
| LEADER |
00756cam a2200217 7i4500 |
| 001 |
0000003385 |
| 005 |
20170218090000.0 |
| 020 |
|
|
|a 0134335414 (hbk.)
|
| 020 |
|
|
|a 9780134335414
|
| 090 |
0 |
0 |
|a HG4011
|b .E37 1998
|
| 100 |
1 |
|
|a Emery, Douglas R
|
| 245 |
1 |
0 |
|a Principles of financial management
|c Douglas R. Emery, John D. Finnerty, John D. Stowe.
|
| 260 |
|
|
|a Upper Saddle River, N.J.:
|b Prentice Hall,
|c 1998.
|
| 300 |
|
|
|a xxiv, 785 p.:
|b col. ill.;
|c 26 cm.
|
| 504 |
|
|
|a Includes bibliographical references and index
|
| 650 |
0 |
0 |
|a Corporations --
|x Finance
|
| 700 |
1 |
|
|a Finnerty, John D
|
| 700 |
1 |
|
|a Stowe, John D
|
| 997 |
|
|
|a Business & Accountancy, Faculty
|
| 998 |
|
|
|a Finance, Degree
|
| 999 |
|
|
|a 0000001897
|b BOK
|c OPEN SHELF
|e 1st Floor, Bestari Jaya
|